[Event "XVIII Open Ayto. de Erandio"]
[Site "Erandio"]
[Date "2009.12.19"]
[Round "1.1"]
[White "Korneev, Oleg"]
[Black "Robledinos Sanchez, Jorge"]
[Result "1-0"]
[WhiteElo "2571"]
[BlackElo "1555"]
[PlyCount "55"]
[EventDate "2009.12.19"]
[EventType "swiss"]
[EventRounds "9"]

1. e4 c5 2. Nf3 d6 3. d4 cxd4 4. Nxd4 Nf6 5. Nc3 a6 6. Be3 e6 7. f3 Be7 8. Qd2
b5 9. O-O-O Bb7 10. g4 Nbd7 11. g5 Nh5 12. Nce2 Ne5 13. Ng3 Nxg3 14. hxg3 Rc8
15. Rh3 d5 16. Bf4 Ng6 17. e5 Qc7 18. Bd3 Nxe5 19. Kb1 Bd6 20. g6 Nxg6 21. Bxg6
Bxf4 22. gxf4 fxg6 23. Nxe6 Qd7 24. f5 gxf5 25. Re1 Kf7 26. Qd4 Rcg8 27. Ng5+
Kf8 28. Qc5+ 1-0

[Event "XVIII Open Ayto. de Erandio"]
[Site "Erandio"]
[Date "2009.12.19"]
[Round "1.2"]
[White "Arbulu Gallastegi, Arkaitz"]
[Black "Savchenko, Stanislav"]
[Result "0-1"]
[WhiteElo "1464"]
[BlackElo "2536"]
[PlyCount "36"]
[EventDate "2009.12.19"]
[EventType "swiss"]
[EventRounds "9"]

1. d4 d5 2. c4 c6 3. Nc3 Nf6 4. e3 e6 5. Nf3 Nbd7 6. c5 b6 7. b4 a5 8. b5 Bb7
9. cxb6 c5 10. Bd3 Rc8 11. Bb2 cxd4 12. exd4 Ne4 13. Rc1 Bb4 14. Qb3 Ndc5 15.
dxc5 Nxc5 16. Qd1 d4 17. Ne5 dxc3 18. Ba3 c2+ 0-1

[Event "XVIII Open Ayto. de Erandio"]
[Site "Erandio"]
[Date "2009.12.20"]
[Round "2.1"]
[White "Marchena Hurtado, Ander"]
[Black "Korneev, Oleg"]
[Result "1/2-1/2"]
[WhiteElo "1888"]
[BlackElo "2571"]
[PlyCount "63"]
[EventDate "2009.12.19"]
[EventType "swiss"]
[EventRounds "9"]

1. e4 c5 2. Nf3 e6 3. d4 cxd4 4. Nxd4 a6 5. Be2 Nf6 6. Nc3 Bb4 7. e5 Nd5 8. Qd3
Qc7 9. Bd2 Bxc3 10. Bxc3 Nxc3 11. Qxc3 Qxc3+ 12. bxc3 Ke7 13. f4 d6 14. exd6+
Kxd6 15. Kf2 Nd7 16. Rhd1 Kc7 17. Bf3 Nc5 18. Nb3 Nxb3 19. cxb3 Rd8 20. Rxd8
Kxd8 21. Ke3 Kc7 22. Rd1 Rb8 23. Rd4 b5 24. c4 b4 25. c5 Bd7 26. Rd6 Rb5 27.
Kd4 Ra5 28. Rb6 Bc8 29. Rc6+ Kd8 30. Rb6 Kc7 31. Rc6+ Kd8 32. Rb6 1/2-1/2

[Event "XVIII Open Ayto. de Erandio"]
[Site "Erandio"]
[Date "2009.12.20"]
[Round "2.2"]
[White "Savchenko, Stanislav"]
[Black "Salas Martin, Javier"]
[Result "1-0"]
[WhiteElo "2536"]
[BlackElo "1741"]
[PlyCount "45"]
[EventDate "2009.12.19"]
[EventType "swiss"]
[EventRounds "9"]

1. Nf3 Nf6 2. c4 c6 3. d4 d5 4. e3 e6 5. Bd3 dxc4 6. Bxc4 b5 7. Bd3 a6 8. a4
Bb7 9. O-O Nbd7 10. e4 h6 11. Nbd2 Be7 12. Qe2 b4 13. Nc4 a5 14. Bf4 Nf8 15.
Nce5 g5 16. Be3 g4 17. Nd2 h5 18. Rac1 Qc7 19. Nxc6 Bxc6 20. Rxc6 Qd8 21. Bb5
N8d7 22. d5 Kf8 23. d6 1-0

[Event "XVIII Open Ayto. de Erandio"]
[Site "Erandio"]
[Date "2009.12.20"]
[Round "2.3"]
[White "Fernandez Bonet, Jon"]
[Black "Rausis, Igor"]
[Result "0-1"]
[WhiteElo "1830"]
[BlackElo "2527"]
[PlyCount "104"]
[EventDate "2009.12.19"]
[EventType "swiss"]
[EventRounds "9"]

1. e4 c6 2. d4 d5 3. Nc3 dxe4 4. Nxe4 Bf5 5. Ng3 Bg6 6. Nf3 Nf6 7. h4 h6 8. h5
Bh7 9. Bd3 Bxd3 10. Qxd3 e6 11. Ne5 Nbd7 12. Bf4 Qa5+ 13. c3 Nxe5 14. Bxe5
O-O-O 15. Qe2 Nd5 16. Ne4 Be7 17. O-O Nf6 18. Rfe1 Rhg8 19. a4 Nxe4 20. Qxe4
Qd5 21. Qxd5 cxd5 22. Bf4 Kd7 23. Kh2 Rc8 24. Re3 Rge8 25. Kh3 Rc6 26. Rg3 Bf8
27. Re3 Rb6 28. Re2 Rc8 29. Kg4 Rc4 30. Bg3 Be7 31. a5 Ra6 32. Re3 Bd8 33. b3
Rc8 34. b4 Rac6 35. Ra3 Rc4 36. f4 f5+ 37. Kh3 Bf6 38. Bh4 Ke7 39. Kg3 Rg8 40.
Kh3 Kf7 41. Rg3 Rgc8 42. Re3 R8c6 43. Kg3 Rd6 44. Kh3 Rc8 45. Rg3 Rdc6 46. Re3
Ra6 47. Rb3 b6 48. axb6 axb6 49. Rb1 Ra3 50. Bxf6 Rcxc3 51. Rxc3 Rxc3+ 52. g3
Kxf6 0-1

[Event "XVIII Open Ayto. de Erandio"]
[Site "Erandio"]
[Date "2009.12.20"]
[Round "2.4"]
[White "Pogorelov, Ruslan"]
[Black "Barrio Ungidos, Ainhoa"]
[Result "1-0"]
[WhiteElo "2469"]
[BlackElo "1643"]
[PlyCount "49"]
[EventDate "2009.12.19"]
[EventType "swiss"]
[EventRounds "9"]

1. Nf3 d5 2. d4 Nf6 3. c4 e6 4. Nc3 c6 5. e3 Nbd7 6. Qc2 Be7 7. Bd3 O-O 8. O-O
Qc7 9. e4 dxe4 10. Nxe4 Nxe4 11. Bxe4 Nf6 12. Bd3 h6 13. Bd2 b6 14. c5 b5 15.
a4 Ba6 16. axb5 Bxb5 17. Bxb5 cxb5 18. Ra6 Nd7 19. Rfa1 Rfc8 20. Qb3 Nb8 21.
R6a5 a6 22. Rxb5 axb5 23. Rxa8 Qb7 24. Ra5 Nc6 25. Rxb5 1-0

[Event "XVIII Open Ayto. de Erandio"]
[Site "Erandio"]
[Date "2009.12.20"]
[Round "2.5"]
[White "Marchena Hurtado, Javier"]
[Black "Berbatov, Kiprian"]
[Result "0-1"]
[WhiteElo "1780"]
[BlackElo "2463"]
[PlyCount "42"]
[EventDate "2009.12.19"]
[EventType "swiss"]
[EventRounds "9"]

1. e4 c5 2. Nf3 d6 3. d4 cxd4 4. Nxd4 Nf6 5. Nc3 a6 6. Be2 e6 7. Be3 Qc7 8. O-O
b5 9. a3 Bb7 10. Bd3 Nbd7 11. Qe2 Be7 12. f4 O-O 13. Rae1 Rac8 14. Bf2 Nc5 15.
e5 dxe5 16. fxe5 Nd5 17. Nxd5 Bxd5 18. Rc1 Nxd3 19. cxd3 Qxc1 20. Rxc1 Rxc1+
21. Be1 Bc5 0-1

[Event "XVIII Open Ayto. de Erandio"]
[Site "Erandio"]
[Date "2009.12.20"]
[Round "2.6"]
[White "Gonzalez Rodriguez, Jorge A"]
[Black "Berdasco Revilla, Carmelo"]
[Result "1-0"]
[WhiteElo "2441"]
[BlackElo "1634"]
[PlyCount "89"]
[EventDate "2009.12.19"]
[EventType "swiss"]
[EventRounds "9"]

1. b3 e5 2. Bb2 Nf6 3. e3 Nc6 4. Bb5 d6 5. d4 Bd7 6. Nf3 e4 7. Nfd2 d5 8. Bxc6
bxc6 9. c4 Be7 10. Ba3 O-O 11. Qc1 Re8 12. Nc3 h6 13. Na4 Nh7 14. Bxe7 Qxe7 15.
Nc5 Bc8 16. Qa3 Qg5 17. Rg1 f5 18. Qa4 Qf6 19. cxd5 Ng5 20. Qxc6 Qxc6 21. dxc6
Rf8 22. h4 Ne6 23. Nxe6 Bxe6 24. g3 a5 25. Nc4 a4 26. Kd2 Ra6 27. Ne5 Rfa8 28.
b4 a3 29. Rgb1 Rb6 30. Kc3 Ra4 31. b5 Kf8 32. Rb4 Ra5 33. Nc4 Raxb5 34. Nxb6
Rxb6 35. Rxb6 cxb6 36. Kb4 Ke7 37. Kb5 Kd8 38. Kxb6 Kc8 39. c7 Bd5 40. Rc1 Bxa2
41. Ra1 Bd5 42. Rxa3 Bb7 43. Ra5 g5 44. hxg5 hxg5 45. Rxf5 1-0

[Event "XVIII Open Ayto. de Erandio"]
[Site "Erandio"]
[Date "2009.12.20"]
[Round "2.7"]
[White "Villate Montes, Juan Francisco"]
[Black "Ivanov, Jordan"]
[Result "0-1"]
[WhiteElo "1689"]
[BlackElo "2420"]
[PlyCount "76"]
[EventDate "2009.12.19"]
[EventType "swiss"]
[EventRounds "9"]

1. b3 e5 2. Bb2 Nc6 3. e3 Nf6 4. Nf3 Bd6 5. Be2 O-O 6. O-O Re8 7. d3 Bf8 8. c4
d5 9. cxd5 Nxd5 10. Nc3 a5 11. a3 Nb6 12. Qc2 f5 13. d4 e4 14. Nd2 Be6 15. Nc4
Nd5 16. Nxd5 Bxd5 17. Rac1 Qf6 18. Ne5 Bd6 19. Bb5 Re6 20. Bc4 Ne7 21. f4 exf3
22. Bxd5 Nxd5 23. Rxf3 Qg5 24. Qd3 f4 25. Qc4 c6 26. e4 Nc7 27. Rcf1 c5 28. Bc1
b5 29. Qc3 cxd4 30. Qxd4 Qxe5 31. Qxe5 Bxe5 32. Bxf4 Bxf4 33. Rxf4 Rae8 34. Rc1
R8e7 35. Kf2 g6 36. Kf3 Kg7 37. Rc5 Re5 38. Rc6 Ne6 0-1

[Event "XVIII Open Ayto. de Erandio"]
[Site "Erandio"]
[Date "2009.12.20"]
[Round "2.8"]
[White "Limeres Guiance, Cristobal"]
[Black "Gamarra Rodriguez, Victor Manu"]
[Result "1-0"]
[WhiteElo "2250"]
[BlackElo "1590"]
[PlyCount "57"]
[EventDate "2009.12.19"]
[EventType "swiss"]
[EventRounds "9"]

1. d4 Nf6 2. c4 c5 3. d5 b5 4. cxb5 a6 5. b6 d6 6. Nc3 g6 7. e4 Bg7 8. a4 a5 9.
Bb5+ Nbd7 10. f4 O-O 11. Nf3 Nxb6 12. O-O Ba6 13. Qe2 Qc8 14. Rd1 Bxb5 15. axb5
Qb7 16. Kh1 Nfd7 17. e5 dxe5 18. fxe5 Rfe8 19. e6 fxe6 20. Qxe6+ Kh8 21. Ng5
Bf6 22. Nf7+ Kg7 23. Bh6+ Kg8 24. Nd8+ Kh8 25. Nxb7 a4 26. Nxa4 Nxa4 27. Qxd7
Nxb2 28. Rxa8 Rxa8 29. Nd8 1-0

[Event "XVIII Open Ayto. de Erandio"]
[Site "Erandio"]
[Date "2009.12.20"]
[Round "2.9"]
[White "Barrio Ungidos, Ibon"]
[Black "Angulo Martinez, Jon"]
[Result "0-1"]
[WhiteElo "1608"]
[BlackElo "2198"]
[PlyCount "70"]
[EventDate "2009.12.19"]
[EventType "swiss"]
[EventRounds "9"]

1. e4 c5 2. Nc3 e6 3. g3 d5 4. d3 Nc6 5. Bg2 d4 6. Nce2 Nge7 7. f4 g6 8. Nf3
Bg7 9. c3 dxc3 10. bxc3 O-O 11. Be3 Qa5 12. Qd2 Rd8 13. O-O b6 14. Rad1 Ba6 15.
Qc2 Bb5 16. Rd2 Ba4 17. Qc1 Rac8 18. Qa3 Nb4 19. d4 Nc2 20. Rxc2 Bxc2 21. Qxa5
bxa5 22. e5 Bd3 23. Re1 cxd4 24. Nfxd4 Nd5 25. Bxd5 Rxd5 26. Bd2 Bxe2 27. Rxe2
Bf8 28. Kg2 Bc5 29. Nb3 a4 30. Nxc5 Rdxc5 31. Re4 Rc4 32. Re1 Rb8 33. Rd1 Rb2
34. a3 Rxc3 35. Kh3 Rd3 0-1

[Event "XVIII Open Ayto. de Erandio"]
[Site "Erandio"]
[Date "2009.12.20"]
[Round "3.1"]
[White "Angulo Martinez, Jon"]
[Black "Savchenko, Stanislav"]
[Result "1/2-1/2"]
[WhiteElo "2198"]
[BlackElo "2536"]
[PlyCount "40"]
[EventDate "2009.12.19"]
[EventType "swiss"]
[EventRounds "9"]

1. e4 c5 2. Nf3 d6 3. d4 cxd4 4. Nxd4 Nf6 5. Nc3 a6 6. g3 e5 7. Nb3 Nbd7 8. a4
b6 9. Bg2 Bb7 10. O-O Be7 11. Re1 O-O 12. Nd2 Rc8 13. Nf1 Nc5 14. Bg5 Ne6 15.
Bxf6 Bxf6 16. Ne3 g6 17. Ncd5 Bg5 18. c3 Bxe3 19. Rxe3 Bxd5 20. Qxd5 Qe7
1/2-1/2

[Event "XVIII Open Ayto. de Erandio"]
[Site "Erandio"]
[Date "2009.12.20"]
[Round "3.2"]
[White "Rausis, Igor"]
[Black "Limeres Guiance, Cristobal"]
[Result "1-0"]
[WhiteElo "2527"]
[BlackElo "2250"]
[PlyCount "85"]
[EventDate "2009.12.19"]
[EventType "swiss"]
[EventRounds "9"]

1. e4 d5 2. exd5 Qxd5 3. Nf3 Bg4 4. Be2 Nc6 5. h3 Bxf3 6. Bxf3 Qe5+ 7. Qe2
Qxe2+ 8. Bxe2 Nd4 9. Bd1 e5 10. d3 Bd6 11. Nd2 Nf6 12. Nc4 O-O-O 13. O-O Nd5
14. c3 Nc6 15. Re1 f6 16. Ba4 Nce7 17. Nxd6+ cxd6 18. Bd2 g5 19. Rad1 h5 20.
Bc1 Ng6 21. d4 Ndf4 22. Kf1 f5 23. dxe5 dxe5 24. Be3 b6 25. Bb3 Kc7 26. Bf7
Rxd1 27. Rxd1 Nf8 28. a4 Rh7 29. Bb3 N8g6 30. a5 h4 31. Ra1 Kb7 32. axb6 axb6
33. Bc4 Rc7 34. Ba6+ Kc6 35. c4 Ne6 36. Bb5+ Kb7 37. Bxb6 Re7 38. c5 Nd4 39.
Bc4 Rd7 40. b4 Kb8 41. b5 Nc2 42. c6 Rd2 43. Ra7 1-0

[Event "XVIII Open Ayto. de Erandio"]
[Site "Erandio"]
[Date "2009.12.20"]
[Round "3.3"]
[White "Prieto Aranguren, Alain"]
[Black "Pogorelov, Ruslan"]
[Result "0-1"]
[WhiteElo "2129"]
[BlackElo "2469"]
[PlyCount "56"]
[EventDate "2009.12.19"]
[EventType "swiss"]
[EventRounds "9"]

1. d4 Nf6 2. c4 e6 3. Nc3 Bb4 4. e3 O-O 5. Bd3 c5 6. Nge2 d5 7. a3 Bxc3+ 8.
bxc3 dxc4 9. Bxc4 Qc7 10. Bd3 e5 11. Qc2 c4 12. Bf5 exd4 13. exd4 Bxf5 14. Qxf5
Re8 15. Be3 Nc6 16. Qc5 Ng4 17. Qxc4 Rxe3 18. fxe3 Nxe3 19. Qd3 Re8 20. Ra2
Nxg2+ 21. Kf2 Ne3 22. Qxe3 Rxe3 23. Kxe3 Na5 24. Kd2 h5 25. h4 Nc4+ 26. Kd3 Nd6
27. Kd2 Qc6 28. Rd1 Qf3 0-1

[Event "XVIII Open Ayto. de Erandio"]
[Site "Erandio"]
[Date "2009.12.20"]
[Round "3.4"]
[White "Berbatov, Kiprian"]
[Black "Arias Garcia, Luis Javier"]
[Result "1/2-1/2"]
[WhiteElo "2463"]
[BlackElo "2176"]
[PlyCount "90"]
[EventDate "2009.12.19"]
[EventType "swiss"]
[EventRounds "9"]

1. e4 e5 2. Nf3 Nc6 3. Bb5 a6 4. Ba4 Nf6 5. O-O Be7 6. Re1 b5 7. Bb3 d6 8. c3
O-O 9. h3 Na5 10. Bc2 c5 11. d4 cxd4 12. cxd4 Nc6 13. Nc3 Bd7 14. Be3 Rc8 15.
Rc1 Re8 16. Bb1 Nxd4 17. Nxd4 exd4 18. Bxd4 b4 19. Ne2 Rxc1 20. Qxc1 Qa5 21.
Ng3 Be6 22. b3 Rc8 23. Qd2 Nd7 24. Nf5 Bxf5 25. exf5 Bf8 26. f6 Nxf6 27. Bxf6
gxf6 28. Qf4 Qg5 29. Qxb4 Rc1 30. Bd3 a5 31. Qe4 f5 32. Qe2 d5 33. g3 Rxe1+ 34.
Qxe1 f4 35. Kg2 fxg3 36. fxg3 Bd6 37. Qf2 Qe5 38. h4 Kg7 39. Qf3 h5 40. Kh3 Bc7
41. Bf5 Bd6 42. a3 Qa1 43. Bd3 Qe5 44. a4 Bc7 45. Bf5 Bd6 1/2-1/2

[Event "XVIII Open Ayto. de Erandio"]
[Site "Erandio"]
[Date "2009.12.20"]
[Round "3.5"]
[White "Alonso Alonso, Ivan"]
[Black "Gonzalez Rodriguez, Jorge A"]
[Result "0-1"]
[WhiteElo "2126"]
[BlackElo "2441"]
[PlyCount "98"]
[EventDate "2009.12.19"]
[EventType "swiss"]
[EventRounds "9"]

1. e4 e6 2. d4 d5 3. Nc3 Bb4 4. e5 b6 5. a3 Bf8 6. Nf3 c5 7. Be3 Nc6 8. Bb5 Bd7
9. Qe2 Nh6 10. O-O Nf5 11. Bxc6 Bxc6 12. Bg5 Qd7 13. Rfd1 h6 14. Bc1 g5 15. g4
Nxd4 16. Nxd4 cxd4 17. Rxd4 Bc5 18. Rd3 O-O-O 19. b4 Be7 20. b5 Bb7 21. a4 Qc7
22. Ba3 Bxa3 23. Rxa3 d4 24. Nb1 Rd5 25. c3 Qxe5 26. Qxe5 Rxe5 27. Nd2 Re1+ 28.
Nf1 Rd8 29. f3 e5 30. Kf2 Rc1 31. Ng3 Rc2+ 32. Kg1 Kb8 33. Nf5 Rc8 34. cxd4 e4
35. fxe4 Bxe4 36. Re3 Rg2+ 37. Kf1 Rxh2 38. Ng3 Bd5 39. Rac3 Rxc3 40. Rxc3 Ra2
41. Nf5 Rxa4 42. Nd6 Be6 43. d5 Rd4 44. dxe6 Rxd6 45. exf7 Rf6+ 46. Kg2 Rxf7
47. Rc6 Rf4 48. Kg3 Rb4 49. Rxh6 Rxb5 0-1

[Event "XVIII Open Ayto. de Erandio"]
[Site "Erandio"]
[Date "2009.12.20"]
[Round "3.6"]
[White "Ivanov, Jordan"]
[Black "Uria Ramirez, Aitor"]
[Result "1-0"]
[WhiteElo "2420"]
[BlackElo "2053"]
[PlyCount "89"]
[EventDate "2009.12.19"]
[EventType "swiss"]
[EventRounds "9"]

1. d4 f5 2. c4 Nf6 3. Nc3 g6 4. f3 Bg7 5. e4 d6 6. exf5 Bxf5 7. Bd3 Bxd3 8.
Qxd3 O-O 9. Nge2 Nbd7 10. O-O e5 11. d5 Nc5 12. Qc2 Qe7 13. Ng3 Rae8 14. Bg5 h6
15. Be3 Ncd7 16. Qxg6 Qf7 17. Qxf7+ Rxf7 18. Rac1 a6 19. b4 Bf8 20. Nce4 b6 21.
Rfd1 Nxe4 22. Nxe4 Rb8 23. Rd3 Nf6 24. Ra3 Ra8 25. h3 Kg7 26. g4 Nxe4 27. fxe4
Be7 28. Rf1 Rxf1+ 29. Kxf1 Kg6 30. Ke2 h5 31. Kd3 hxg4 32. hxg4 Bg5 33. c5 Bxe3
34. Kxe3 Kg5 35. cxd6 cxd6 36. Rc3 b5 37. Rc6 a5 38. a3 axb4 39. axb4 Ra3+ 40.
Kd2 Rb3 41. Rxd6 Rxb4 42. Kd3 Rb3+ 43. Kc2 Rb4 44. Rd8 Kxg4 45. d6 1-0

[Event "XVIII Open Ayto. de Erandio"]
[Site "Erandio"]
[Date "2009.12.20"]
[Round "3.7"]
[White "Perez Fernandez, Modesto"]
[Black "Meneses Arenas, Mikel"]
[Result "1-0"]
[WhiteElo "2067"]
[BlackElo "1853"]
[PlyCount "81"]
[EventDate "2009.12.19"]
[EventType "swiss"]
[EventRounds "9"]

1. e4 c5 2. Nf3 Nc6 3. d4 cxd4 4. Nxd4 d6 5. Nc3 Nf6 6. Be3 g6 7. f3 Bg7 8. Bc4
O-O 9. Qd2 a6 10. Bb3 Nd7 11. O-O-O Qa5 12. Kb1 Rd8 13. Nd5 Qxd2 14. Rxd2 Kf8
15. Nc7 Bxd4 16. Bxd4 Rb8 17. Be3 b5 18. Rhd1 Bb7 19. a3 Rbc8 20. Nd5 Na5 21.
Ba2 Nc4 22. Bh6+ Ke8 23. Re2 Nce5 24. Bc1 Rc6 25. f4 Nc4 26. Ne3 Ndb6 27. b3
Nxe3 28. Bxe3 a5 29. Kb2 a4 30. Bd4 Bc8 31. h3 Bb7 32. Bb1 Rdc8 33. e5 dxe5 34.
Rxe5 axb3 35. cxb3 Rd8 36. Rxb5 Rcd6 37. Bxb6 Ba6 38. Rxd6 Rxd6 39. Rb4 Bf1 40.
Be4 Re6 41. a4 1-0

[Event "XVIII Open Ayto. de Erandio"]
[Site "Erandio"]
[Date "2009.12.20"]
[Round "3.8"]
[White "Korneev, Oleg"]
[Black "Rodriguez Gonzalez, Alex"]
[Result "1-0"]
[WhiteElo "2571"]
[BlackElo "2040"]
[PlyCount "89"]
[EventDate "2009.12.19"]
[EventType "swiss"]
[EventRounds "9"]

1. e4 c5 2. Nf3 g6 3. c3 Bg7 4. d4 cxd4 5. cxd4 d5 6. e5 Bg4 7. Bb5+ Nc6 8.
Nbd2 Nh6 9. h3 Bxf3 10. Bxc6+ bxc6 11. Nxf3 O-O 12. O-O e6 13. Bg5 Qd7 14. Rc1
Rfc8 15. Qd2 Nf5 16. g4 Ne7 17. Rc5 Rc7 18. Rfc1 Bf8 19. Bh6 Qe8 20. b4 Bxh6
21. Qxh6 Qf8 22. Qg5 h6 23. Qf6 Rb7 24. a3 Rab8 25. Ne1 Rb5 26. Nd3 Kh7 27.
Rxb5 Rxb5 28. Nc5 Qe8 29. Rc3 Ng8 30. Qf4 g5 31. Qc1 Ne7 32. f4 gxf4 33. Qxf4
Ng6 34. Qf6 Qe7 35. Nd3 a5 36. Qxe7 Nxe7 37. a4 axb4 38. Rb3 Rb6 39. Rxb4 Nc8
40. Rxb6 Nxb6 41. a5 Na8 42. Nb4 Kg6 43. Nxc6 Kg5 44. Nd8 Kf4 45. Nxf7 1-0

[Event "XVIII Open Ayto. de Erandio"]
[Site "Erandio"]
[Date "2009.12.20"]
[Round "3.9"]
[White "Diez Fraile, David"]
[Black "Marchena Hurtado, Ander"]
[Result "1-0"]
[WhiteElo "2184"]
[BlackElo "1888"]
[PlyCount "37"]
[EventDate "2009.12.19"]
[EventType "swiss"]
[EventRounds "9"]

1. e4 c6 2. Nc3 d5 3. d4 dxe4 4. Nxe4 Nd7 5. Nf3 Ngf6 6. Nxf6+ Nxf6 7. Bc4 Bf5
8. O-O e6 9. Qe2 Be7 10. c3 O-O 11. Ne5 Nd7 12. Bf4 h6 13. Rad1 Nb6 14. Bd3
Bxd3 15. Rxd3 Nd5 16. Bc1 Qc7 17. Rg3 Kh8 18. Qh5 Nf6 19. Nxf7+ 1-0

[Event "XVIII Open Ayto. de Erandio"]
[Site "Erandio"]
[Date "2009.12.21"]
[Round "4.1"]
[White "Gonzalez Rodriguez, Jorge A"]
[Black "Rausis, Igor"]
[Result "0-1"]
[WhiteElo "2441"]
[BlackElo "2527"]
[PlyCount "58"]
[EventDate "2009.12.19"]
[EventType "swiss"]
[EventRounds "9"]

1. b3 d5 2. e3 Nf6 3. Bb2 Bg4 4. Be2 Bxe2 5. Qxe2 c6 6. Bxf6 gxf6 7. e4 Rg8 8.
g3 dxe4 9. Qxe4 Qd5 10. f3 f5 11. Qxd5 cxd5 12. Ne2 Bg7 13. d4 Nc6 14. c3 b5
15. Kd2 b4 16. cxb4 Nxd4 17. Nxd4 Bxd4 18. Nc3 f4 19. gxf4 Rc8 20. Rac1 Bxc3+
21. Rxc3 Rg2+ 22. Kd3 Rxc3+ 23. Kxc3 Rxa2 24. Kd4 e6 25. f5 Ke7 26. fxe6 fxe6
27. Kc5 Rc2+ 28. Kb5 Kd6 29. Ra1 Rc7 0-1

[Event "XVIII Open Ayto. de Erandio"]
[Site "Erandio"]
[Date "2009.12.21"]
[Round "4.2"]
[White "Pogorelov, Ruslan"]
[Black "Ivanov, Jordan"]
[Result "1-0"]
[WhiteElo "2469"]
[BlackElo "2420"]
[PlyCount "47"]
[EventDate "2009.12.19"]
[EventType "swiss"]
[EventRounds "9"]

1. Nf3 d5 2. d4 Nf6 3. c4 dxc4 4. e3 Be6 5. Nc3 c6 6. Ng5 Bg4 7. f3 Bc8 8. Bxc4
e6 9. f4 b5 10. Bd3 a6 11. a4 b4 12. Nce4 Nbd7 13. Qc2 Bb7 14. Bd2 c5 15. dxc5
Nxc5 16. Nxc5 Bxc5 17. Qxc5 Qxd3 18. Qxb4 Bxg2 19. Rg1 Nd5 20. Qc5 Qg6 21. Rxg2
h6 22. Qc6+ Ke7 23. f5 Qxg5 24. Qb7+ 1-0

[Event "XVIII Open Ayto. de Erandio"]
[Site "Erandio"]
[Date "2009.12.21"]
[Round "4.3"]
[White "Arias Garcia, Luis Javier"]
[Black "Korneev, Oleg"]
[Result "0-1"]
[WhiteElo "2176"]
[BlackElo "2571"]
[PlyCount "74"]
[EventDate "2009.12.19"]
[EventType "swiss"]
[EventRounds "9"]

1. Nf3 d5 2. c4 c6 3. b3 Bg4 4. Ne5 Bf5 5. Bb2 f6 6. Nf3 e5 7. g3 Bd6 8. Bg2
Ne7 9. O-O O-O 10. Ba3 Bxa3 11. Nxa3 Qd6 12. Nc2 Nd7 13. d3 Rad8 14. Nh4 Be6
15. e4 dxc4 16. dxc4 Nc5 17. Ne3 Qxd1 18. Rfxd1 a5 19. Nhf5 Nc8 20. f4 g6 21.
fxe5 fxe5 22. Nh6+ Kg7 23. Nhg4 Nd7 24. Rd2 h5 25. Nf2 Nc5 26. Rad1 Rxd2 27.
Rxd2 Kf6 28. Nd3 Nxd3 29. Rxd3 Nb6 30. h4 Nd7 31. Rd2 Nc5 32. Bf3 Ke7 33. Kg2
Bh3+ 34. Kxh3 Rxf3 35. Re2 Nxe4 36. Nf1 Rxf1 37. Rxe4 Ke6 0-1

[Event "XVIII Open Ayto. de Erandio"]
[Site "Erandio"]
[Date "2009.12.21"]
[Round "4.4"]
[White "Savchenko, Stanislav"]
[Black "Perez Fernandez, Modesto"]
[Result "1-0"]
[WhiteElo "2536"]
[BlackElo "2067"]
[PlyCount "69"]
[EventDate "2009.12.19"]
[EventType "swiss"]
[EventRounds "9"]

1. d4 d5 2. c4 c6 3. Nf3 Nf6 4. e3 e6 5. Bd3 Bd6 6. Nc3 O-O 7. e4 dxe4 8. Nxe4
Nxe4 9. Bxe4 h6 10. O-O Nd7 11. Bc2 Re8 12. Qd3 Nf8 13. Rd1 Be7 14. Ne5 Bf6 15.
Qc3 Bg5 16. Qf3 Qf6 17. Bxg5 hxg5 18. Qe2 g6 19. c5 Qg7 20. Nc4 Rd8 21. Nd6 b6
22. Be4 Bd7 23. Bf3 Rab8 24. Rd2 Nh7 25. Rc1 Nf6 26. cxb6 Rxb6 27. Nc4 Rb5 28.
Ne5 Nd5 29. Nxd7 Rxd7 30. Rxc6 Rb8 31. Qe5 Rbd8 32. Qxg5 Nb4 33. Rc4 Rxd4 34.
Qxd8+ Rxd8 35. Rxd8+ 1-0

[Event "XVIII Open Ayto. de Erandio"]
[Site "Erandio"]
[Date "2009.12.21"]
[Round "4.5"]
[White "Segura Del Frago, Imanol"]
[Black "Berbatov, Kiprian"]
[Result "0-1"]
[WhiteElo "2023"]
[BlackElo "2463"]
[PlyCount "69"]
[EventDate "2009.12.19"]
[EventType "swiss"]
[EventRounds "9"]

1. e4 c5 2. Nf3 d6 3. d4 cxd4 4. Nxd4 Nf6 5. Nc3 a6 6. Be3 e6 7. Be2 Qc7 8. a4
b6 9. f4 Bb7 10. Bf3 Nbd7 11. Qe2 Rc8 12. O-O Be7 13. g4 h5 14. g5 Ng4 15. g6
Qc4 16. gxf7+ Kxf7 17. Qd2 Ndf6 18. f5 e5 19. Ne6 Nxe4 20. Qg2 Nxc3 21. Bxb7
Bf6 22. bxc3 Nxe3 23. Qg6+ Ke7 24. Rf3 Rcg8 25. Bxa6 Qxc3 26. Raf1 Qd2 27. R3f2
Qb4 28. c4 Nxf1 29. Ng5 Rf8 30. Ne4 Ne3 31. Rd2 Qb1+ 32. Kf2 Qxe4 33. a5 Ng4+
34. Kf1 Qf3+ 35. Ke1 0-1

[Event "XVIII Open Ayto. de Erandio"]
[Site "Erandio"]
[Date "2009.12.21"]
[Round "4.6"]
[White "Martinez Pelaez, David"]
[Black "Angulo Martinez, Jon"]
[Result "0-1"]
[WhiteElo "1978"]
[BlackElo "2198"]
[PlyCount "59"]
[EventDate "2009.12.19"]
[EventType "swiss"]
[EventRounds "9"]

1. b3 e5 2. Bb2 Nc6 3. e3 d5 4. Bb5 f6 5. f4 exf4 6. exf4 Nge7 7. Nf3 Qd6 8. g3
Bg4 9. Ba3 Qd7 10. Nc3 O-O-O 11. O-O h5 12. Na4 h4 13. Nc5 Qf5 14. Be2 hxg3 15.
hxg3 Bh3 16. Nh2 Kb8 17. Bg4 Bxg4 18. Qxg4 Qxg4 19. Nxg4 Nf5 20. Kg2 Ncd4 21.
Rh1 Rg8 22. Rac1 Nb5 23. Bb4 a5 24. Ne6 Re8 25. Nxf8 axb4 26. Nd7+ Kc8 27. Nc5
Re2+ 28. Nf2 Rxd2 29. Rhe1 g5 30. Kf3 0-1

[Event "XVIII Open Ayto. de Erandio"]
[Site "Erandio"]
[Date "2009.12.21"]
[Round "4.8"]
[White "Limeres Guiance, Cristobal"]
[Black "Salas Martin, Javier"]
[Result "1-0"]
[WhiteElo "2250"]
[BlackElo "1741"]
[PlyCount "92"]
[EventDate "2009.12.19"]
[EventType "swiss"]
[EventRounds "9"]

1. d4 d5 2. c4 dxc4 3. e4 Nf6 4. e5 Nd5 5. Bxc4 Nb6 6. Bb3 Nc6 7. Nf3 e6 8. Nc3
Be7 9. O-O O-O 10. Ne4 Nb4 11. Bg5 Bd7 12. a3 N4d5 13. Qd3 a6 14. Qc2 Rc8 15.
Bxe7 Qxe7 16. Neg5 g6 17. Ne4 Bc6 18. Rfe1 Rfe8 19. h4 Qf8 20. Qd2 Qg7 21. Qg5
h6 22. Qg4 Bd7 23. Rac1 Bc6 24. Ba2 Bb5 25. Nc5 Bc6 26. b3 Ra8 27. Bb1 Ne7 28.
Rcd1 Nbd5 29. Ne4 Nf5 30. Rd2 Rac8 31. Rc1 Qf8 32. Nc5 Nde7 33. Be4 Nd5 34. h5
g5 35. Bxf5 exf5 36. Qxf5 Nf4 37. Ne4 Qg7 38. Nf6+ Kh8 39. d5 Bb5 40. Re1 Rg8
41. Nxg8 Rxg8 42. a4 Be8 43. g4 Qf8 44. Qf6+ Kh7 45. e6 Qb4 46. exf7 Ne2+ 1-0

[Event "XVIII Open Ayto. de Erandio"]
[Site "Erandio"]
[Date "2009.12.21"]
[Round "4.9"]
[White "Villate Montes, Juan Francisco"]
[Black "Prieto Aranguren, Alain"]
[Result "0-1"]
[WhiteElo "1689"]
[BlackElo "2129"]
[PlyCount "49"]
[EventDate "2009.12.19"]
[EventType "swiss"]
[EventRounds "9"]

1. d4 Nf6 2. Nc3 d5 3. Bf4 c6 4. Nf3 Bf5 5. e3 e6 6. a3 Be7 7. Ne5 O-O 8. g4
Bg6 9. h4 h5 10. Bg5 Nxg4 11. Bxe7 Qxe7 12. Nxg4 hxg4 13. Qxg4 Bxc2 14. h5 Nd7
15. h6 g6 16. Kd2 Bf5 17. Qg3 e5 18. Bh3 Bxh3 19. Rxh3 Kh7 20. Ne2 Rfe8 21. Rg1
Nf6 22. Kc1 exd4 23. Nf4 Rad8 24. Rh4 Rd6 25. Qg2 {
(Ilegibles las dos planillas)} 0-1